000 00374nam a22001577a 4500
003 macl
005 20241024135846.0
008 241024b |||||||| |||| 00| 0 eng d
040 _cmacl
082 _a080/OKA
100 _aOkawa, Ryuho
_982923
245 _aThe Strong Mind
260 _aMumbai
_bJaico Publishing House
_c2024
650 _aMotivational
942 _2ddc
_cBK
999 _c67666
_d67666